000 00751nam a2200241Ia 4500
003 OSt
005 20221006140732.0
006 a|||||r|||| 00| 0
007 ta
008 221006b |||||||| |||| 00| 0 eng d
020 _c1300.00
024 _a510
037 _b64233, 01/06/2000, Internnational Book Distributors
_cTextual
040 _aEASL
_cEASL
_beng
041 _2eng
_aeng
082 _aW.42.N5, P0
100 _aGROVER Verinder Ed.
245 0 _aJapan
_b Government and politics
260 _aNew Delhi
_bDeep & Deep Publications Pvt. Ltd.
_c2000
300 _a632p.
_ccm.
942 _hW.42.N5, P0
_cTEXL
_2CC
999 _c1068597
_d1068597